000 00486nam a22001337a 4500
003 SGT
020 _a9789380971688
082 _a891.4309
_bC22G
100 _aगुप्ता, विद्यासागर राजकमल प्रकाशन
245 _aचिट्ठियाँ रेणु की भाई बिरजू को
260 _bचिट्ठियाँ रेणु की भाई बिरजू को
_c2022
300 _a198
942 _2ddc
_cBK
999 _c31419
_d31419